Football Teams Karim Rekik Played For - Statistics

General Stats
  • This quiz has been taken 18 times
  • The average score is 5 of 9
Answer Stats
League Years Team % Correct
Germany 2017-2020 Hertha BSC
87%
England 2012 Manchester City
67%
England 2012-2013 Manchester City
67%
Netherlands 2013-2015 PSV
67%
Spain 2020-2023 Sevilla FC
60%
France 2015-2017 Olympique de Marseille
47%
UAE 2023- Al-Jazira Club
20%
England 2013 Blackburn Rovers
20%
England 2012 Portsmouth FC
20%
No matching quizzes found
Score Distribution
Percent of People with Each Score
Percentile by Number Answered
Your Score History
You have not taken this quiz